000 00643nam a2200229 a 4500
001 BRCA_7408
005 20190320205826.0
008 230313s1935----mx-a######---#000-0#spa-#
041 _aspa
044 _amx
050 4 _aCJ1905
_b.R66 1935
100 1 _aRomero de Terreros y Vinent, Manuel
_99692
245 1 0 _aLos tlacos coloniales
_bensayo numismático
_cpor Manuel Romero de Terreros.
260 _aMéxico
_bImp. Regis
_c1935
300 _a32 p.
_bil., láminas
500 _aQ136
650 1 4 _aTlaco (Moneda)
_918276
650 1 4 _aNumismática
_9914
650 1 4 _aMonedas mexicanas
_xHistoria
_9670
902 _aGFM
942 _2lcc
_cB
999 _c7084
_d7084